000 00314nam a22001457a 4500
008 210604b ||||| |||| 00| 0 eng d
020 _a9789951803410
041 _aeng
080 _a159.9
082 _a159.9
100 _a48
101 _aPSI
245 _aSeksualiteti i Njeriut
_cFejza,H
942 _2udc
_cBK
999 _c57944
_d57944